Por qué, cuándo y cómo podar /
Guardado en:
| Autor Principal: | |
|---|---|
| Formato: | Libro |
| Publicado: |
Buenos Aires :
El Ateneo,
1983
|
| Edición: | 2a. ed. |
| Materias: | |
| Etiquetas: |
Agregar Etiqueta
Sin Etiquetas, Sea el primero en etiquetar este registro!
|
| LEADER | 00961nam a22002175a 4500 | ||
|---|---|---|---|
| 001 | CEM.cems016241 | ||
| 008 | 130507s1983##################000#0#####d | ||
| 005 | 20210920144427.0 | ||
| 003 | CEMS | ||
| 245 | 1 | 0 | |a Por qué, cuándo y cómo podar / |c Gustave L Wittrock |
| 250 | |a 2a. ed. | ||
| 260 | |a Buenos Aires : |b El Ateneo, |c 1983 | ||
| 300 | |a 146 p. | ||
| 505 | 0 | |a La autopoda y sus ventajas -- Poda de corrección -- Observaciones generales sobre poda de la copa -- Plantas floríferas -- Enredaderas, arbustos y árboles fructíferos -- Clases específicas de plantas -- Arboles de sombra y siempre verdes -- Las raíces y su poda -- Guía de poda para plantas leñosas ornamentales | |
| 020 | |a 9500230208 | ||
| 100 | 1 | |a Wittrock, Gustave L. | |
| 082 | 0 | 4 | |a 631.542 |
| 653 | |a Árboles | ||
| 653 | |a Poda-árboles | ||
| 859 | |a CEMS |b BIB. CEMS - Agricultura |h 631.542 |i W787a2-1 |p A12223.83 |t Ej.1 | ||
| 859 | |a CEMS |b BIB. CEMS - Agricultura |h 631.542 |i W787a2-1 |p A11567.82 |t Ej.2 | ||
